Collection of Hieratic Ostraca from Mond's excavation at Sheikh Abd el-Qurna in the Egyptian Museum /

محفوظ في:

المؤلف الرئيسي: Faten Mohammed Kamal

التنسيق: كتاب

اللغة: Undetermined

منشور في: 2016

الوسوم: إضافة وسم

لا توجد وسوم, كن أول من يضع وسما على هذه التسجيلة!

رقم الطلب: THESIS 29

LEADER 00502nam a2200121Ia 4500
008 231023s9999||||xx |||||||||||||| ||und||
050 4 |a THESIS 29 
100 0 |a Faten Mohammed Kamal 
245 1 0 |a Collection of Hieratic Ostraca from Mond's excavation at Sheikh Abd el-Qurna in the Egyptian Museum /   |c Faten Mohammed Kamal. 
264 1 |c 2016 
942 |2 lcc  |c THESES 
952 |0 0  |1 0  |2 lcc  |4 0  |6 THE S I S29  |7 0  |9 51065  |a ARCE  |b ARCE  |d 2023-10-23  |l 0  |o THESIS 29  |p 1036082  |r 2023-10-23 00:00:00  |w 2023-10-23  |y THESES 
999 |c 54843  |d 54843